Muzea bez bariér
Saved in:
| Main Author | |
|---|---|
| Format | Electronic eBook |
| Language | Czech Slovak |
| Published |
Zlín :
Univerzita Tomáše Bati ve Zlíně,
[2025]
|
| Edition | První |
| Subjects | |
| Online Access | Full text |
| ISBN | 978-80-7678-385-0 |
| Physical Description | 1 online zdroj : ilustrace |
Cover
| LEADER | 00000nam a2200000 i 4500 | ||
|---|---|---|---|
| 001 | 115750 | ||
| 003 | CZ ZlUTB | ||
| 005 | 20260601130144.0 | ||
| 006 | m o d | ||
| 007 | cr |n | ||
| 008 | 260601t20252025xr fo 100 0 cze d | ||
| 020 | |a 978-80-7678-385-0 |q (online) | ||
| 040 | |a ZLD002 |b cze |e rda | ||
| 041 | 0 | |a cze |a slo |b cze |b eng | |
| 072 | 7 | |a 069 |x Muzea. Muzeologie. Muzejnictví. Výstavy |2 Konspekt |9 12 | |
| 080 | |a 069 |2 MRF | ||
| 080 | |a 72/76:069 |2 MRF | ||
| 080 | |a 616.89-008.43 |2 MRF | ||
| 080 | |a 616.89-008.434.5 |2 MRF | ||
| 080 | |a 316.4.063.3 |2 MRF | ||
| 080 | |a (062.534) |2 MRF | ||
| 080 | |a (0.034.2:08) |2 MRF | ||
| 100 | 1 | |a Ovčáčková, Jana, |d 1991- |7 jo20211113859 |4 aut | |
| 245 | 1 | 0 | |a Muzea bez bariér / |c Jana Ovčáčková a kolektiv autorů |
| 250 | |a První | ||
| 264 | 1 | |a Zlín : |b Univerzita Tomáše Bati ve Zlíně, |c [2025] | |
| 264 | 4 | |c ©2025 | |
| 300 | |a 1 online zdroj : |b ilustrace | ||
| 336 | |a text |b txt |2 rdacontent | ||
| 337 | |a počítač |b c |2 rdamedia | ||
| 338 | |a online zdroj |b cr |2 rdacarrier | ||
| 500 | |a Sborník příspěvků z odborné konference konané v Gočárově galerii v Pardubicích ve dnech 8. a 9. září 2025 | ||
| 504 | |a Obsahuje bibliografické odkazy a rejstřík | ||
| 546 | |a Obsahuje česká a anglická resumé | ||
| 650 | 0 | 7 | |a muzea |7 ph115380 |2 czenas |
| 650 | 0 | 7 | |a galerie |7 ph120462 |2 czenas |
| 650 | 0 | 7 | |a specifické poruchy učení |7 ph125888 |2 czenas |
| 650 | 0 | 7 | |a dyslexie |7 ph119667 |2 czenas |
| 650 | 0 | 7 | |a sociální inkluze |7 ph214680 |2 czenas |
| 650 | 0 | 9 | |a museums |2 eczenas |
| 650 | 0 | 9 | |a art galleries |2 eczenas |
| 650 | 0 | 9 | |a learning disabilities |2 eczenas |
| 650 | 0 | 9 | |a dyslexia |2 eczenas |
| 650 | 0 | 9 | |a social inclusion |2 eczenas |
| 655 | 7 | |a sborníky konferencí |7 fd133333 |2 czenas | |
| 655 | 7 | |a elektronické knihy |7 fd186907 |2 czenas | |
| 655 | 9 | |a proceedings of conferences |2 eczenas | |
| 655 | 9 | |a electronic books |2 eczenas | |
| 710 | 2 | |a Univerzita Tomáše Bati ve Zlíně |7 xx0011099 |4 pbl | |
| 856 | 4 | 1 | |u https://muzeabezbarier.framer.website/ |
| 910 | |a ZLD002 | ||
| 942 | |2 udc | ||
| 992 | |a BK | ||
| 993 | |x NEPOSILAT |y EIZ | ||
| 999 | |c 115750 |d 115750 | ||